00495nam a2200181Ia 4500003000400000005001700004008004100021020001800062040000700080041000800087082001500095100003100110245009100141250000600232260004100238300002000279365001400299OSt20230408111959.0210423s2007 xx 000 0 und d a9780878937059 cAL aeng a612.8 BRES aBREEDLOVE (S Marc);others. aBiological psychology: introduction to behavioral cognitive and clinical neuroscience. a5 aSunderlandbSinauer Associatesc2007 axv,610,IC-2bHB b3261cINR